000
00278nam a2200109Ia 4500
008
230907s9999||||xx |||||||||||||| ||und||
082
_a
338.927
_b
BER
100
_a
Bermejo, Roberto.
_9
115096
245
0
_a
Handbook for a sustainable economy /
300
_a
pages cm
942
_c
BK
999
_c
597554
_d
597554